Gaming Quiz

Random Gaming Quiz

D&D 5e Character Creation Quiz Stats

 Plays Quiz not verified by Sporcle

Also try: Mario Games
Challenge
Share
Tweet
Embed
Score 0/39 Timer 08:00
0 Plays Today
Hint Answer % Correct
Race (inc. subrace)Human
96.9%
ClassWizard
95%
ClassFighter
93.8%
ClassCleric
92.8%
ClassRanger
92.8%
ClassRogue
92.8%
ClassDruid
92.5%
ClassBard
92.3%
ClassSorcerer
91.9%
Race (inc. subrace)High Elf
91.3%
ClassWarlock
91.3%
ClassPaladin
90.9%
ClassBarbarian
90.5%
Race (inc. subrace)Wood Elf
88.8%
ClassMonk
88.8%
Race (inc. subrace)Half-Elf
88.6%
Race (inc. subrace)Tiefling
87.4%
Race (inc. subrace)Half-Orc
85.7%
Race (inc. subrace)Dragonborn
84.5%
Race (inc. subrace)Mountain Dwarf
82%
Hint Answer % Correct
Race (inc. subrace)Hill Dwarf
81.2%
Race (inc. subrace)Drow
80.7%
BackgroundAcolyte
72.5%
BackgroundNoble
68.1%
BackgroundSoldier
68.1%
BackgroundSailor
67.1%
BackgroundCriminal
66.3%
BackgroundHermit
66.3%
Race (inc. subrace)Lightfoot Halfling
64.6%
Race (inc. subrace)Rock Gnome
64.6%
Race (inc. subrace)Stout Halfling
64%
BackgroundOutlander
63.4%
Race (inc. subrace)Forest Gnome
63.2%
BackgroundUrchin
61.9%
BackgroundSage
60.9%
BackgroundCharlatan
60.3%
BackgroundFolk Hero
59.8%
BackgroundEntertainer
54.5%
BackgroundGuild Artisan
51.6%

You're not logged in!

Compare scores with friends on all Sporcle quizzes.
Join for Free
OR
Log In

You Might Also Like...

Show Comments

Extras

Top Quizzes Today


Score Distribution

Your Account Isn't Verified!

In order to create a playlist on Sporcle, you need to verify the email address you used during registration. Go to your Sporcle Settings to finish the process.

Report this User

Report this user for behavior that violates our Community Guidelines.

Details: